✨Name That! Country by Emojis! [1] - Statistics

General Stats
  • This quiz has been taken 40 times
  • The average score is 12 of 15
Answer Stats
Hint Answer % Correct
🐨🏄‍♂️🕷️ Australia
100%
🧧🎍🐼 China
100%
🥐🍷🗼 France
100%
🫎🍁🦫 Canada
97%
☘️🪙🍻 Ireland
97%
👘🪭🥠 Japan
97%
⚱️🐪🛕 Egypt
93%
🍅🍝🤌 Italy
90%
🥨🍺🌲 Germany
86%
❄️🐻🪆 Russia
79%
💂☕☎️ England
76%
🌷🚲🧀 Netherlands
76%
⚾🦅🗽 America
69%
🫒🏺🫖 Turkey
31%
🌴🌊🌺 Hawaii
28%
No matching quizzes found
Score Distribution
Percent of People with Each Score
Percentile by Number Answered
Your Score History
You have not taken this quiz